History Quiz

Random History or Famous Quiz
Score 0/24 Timer 05:00
7 Plays Today
% Correct
Isaac
94.8%
Ian
93.6%
Indira
91.1%
Ivan
89.1%
Idi
89%
Ingrid
86.4%
Isabella
85.3%
Igor
84.1%
Irving
82.6%
Imelda
81.6%
Ike
81%
Ida
74.6%
% Correct
Ingmar
74%
Immanuel
71.9%
Ilie
67%
Itzhak
67%
Isadora
64.3%
Irwin
63.7%
Irène
60.4%
Ingvar
59.8%
Imogene
54.3%
Iris
51.7%
Iker
47.7%
Israel
45.5%
Remove Ads.
Support Sporcle.
Get the best of Sporcle when you Go Orange. This ad-free experience offers more features, more stats, and more fun while also helping to support Sporcle. Thank you for becoming a member.

You're not logged in!

Compare scores with friends on all Sporcle quizzes.
OR
Log In

Show Comments

Extras

Top Quizzes Today


Score Distribution

Your Account Isn't Verified!

In order to create a playlist on Sporcle, you need to verify the email address you used during registration. Go to your Sporcle Settings to finish the process.

Report this User

Report this user for behavior that violates our Community Guidelines.

Details: